Eastern Utah Libraries Catalog: Duchesne, Heber, Roosevelt, & Vernal

Journey under the sea / (Record no. 385883)

MARC details
000 -LEADER
fixed length control field 02437cam a2200493 i 4500
001 - CONTROL NUMBER
control field 1344502895
003 - CONTROL NUMBER IDENTIFIER
control field OCoLC
005 - DATE AND TIME OF LATEST TRANSACTION
control field 20230710141003.0
008 - FIXED-LENGTH DATA ELEMENTS--GENERAL INFORMATION
fixed length control field 220916s2022 orua c 6 000 1 eng d
020 ## - INTERNATIONAL STANDARD BOOK NUMBER
International Standard Book Number 9781620109847
Qualifying information (paperback)
020 ## - INTERNATIONAL STANDARD BOOK NUMBER
International Standard Book Number 1620109840
Qualifying information (paperback)
020 ## - INTERNATIONAL STANDARD BOOK NUMBER
International Standard Book Number 9781518268427
Qualifying information (FollettBound)
020 ## - INTERNATIONAL STANDARD BOOK NUMBER
International Standard Book Number 1518268420
Qualifying information (FollettBound)
035 ## - SYSTEM CONTROL NUMBER
System control number (OCoLC)1344502895
040 ## - CATALOGING SOURCE
Original cataloging agency NjBwBT
Language of cataloging eng
Description conventions rda
Transcribing agency PNX
Modifying agency PNX
-- OJ4
-- OCLCQ
050 14 - LIBRARY OF CONGRESS CALL NUMBER
Classification number PZ7.7.G3943
Item number Jo 2022
082 04 - DEWEY DECIMAL CLASSIFICATION NUMBER
Classification number 741.5/973
Edition number 23/eng/20220908
092 ## - LOCALLY ASSIGNED DEWEY CALL NUMBER (OCLC)
Classification number junior graphic
Item number Choose
100 1# - MAIN ENTRY--PERSONAL NAME
Personal name Gaska, Andrew E. C.,
Relator term author.
9 (RLIN) 6470079
245 10 - TITLE STATEMENT
Title Journey under the sea /
Statement of responsibility, etc written by Andrew E.C. Gaska, E.L. Thomas ; based on the original by R.A. Montgomery ; illustrated by Dani Bolinho ; background art by Leandro Casca ; colors by PH Gomes ; letters by Joamette Gil.
250 ## - EDITION STATEMENT
Edition statement First edition.
264 #1 - Production, Publication, Distribution, Manufacture, and Copyright Notice.
Place of production, publication, distribution, manufacture Portland, OR :
Name of producer, publisher, distributor, manufacturer Oni Press,
Date of production, publication, distribution, manufacture, or copyr 2022.
300 ## - PHYSICAL DESCRIPTION
Extent 128 pages :
Other physical details color illustrations ;
Dimensions 23 cm.
336 ## - Content Type
Content type term text
336 ## - Content Type
Content type term still image
337 ## - Media type
Media type term unmediated
338 ## - Carrier type
Carrier type term volume
490 1# - SERIES STATEMENT
Series statement Choose your own adventure.
500 ## - GENERAL NOTE
General note At head of title: R.A. Montgomery presents.
500 ## - GENERAL NOTE
General note Chiefly illustrations.
520 ## - SUMMARY, ETC.
Summary, etc "In the newest Choose Your Own Adventure graphic novel comes an underwater epic where YOU get to choose the destination. With your submarine vessel, the Seeker, you'll explore the ocean depths and all the mysteries, creatures, and monsters that inhabit the ocean floor. Some will be familiar: squids, whales, and of course the Great White shark. Others will be entirely new to your eyes, like the city of Atlantis. So how will You proceed? Will you willingly dive into the depths? What paths will You choose?"--
650 #0 - SUBJECT ADDED ENTRY--TOPICAL TERM
Topical term or geographic name as entry element Underwater exploration
Form subdivision Juvenile fiction.
9 (RLIN) 5707911
650 #1 - SUBJECT ADDED ENTRY--TOPICAL TERM
Topical term or geographic name as entry element Plot-your-own stories.
655 #7 - INDEX TERM--GENRE/FORM
Genre/form data or focus term Action and adventure fiction.
Source of term lcgft
655 #7 - INDEX TERM--GENRE/FORM
Genre/form data or focus term Choose-your-own stories.
Source of term lcgft
655 #7 - INDEX TERM--GENRE/FORM
Genre/form data or focus term Graphic novels.
Source of term lcgft
655 #7 - INDEX TERM--GENRE/FORM
Genre/form data or focus term Comics (Graphic works)
Source of term lcgft
9 (RLIN) 5689343
655 #7 - INDEX TERM--GENRE/FORM
Genre/form data or focus term Fiction.
Source of term lcgft
9 (RLIN) 5673940
700 1# - ADDED ENTRY--PERSONAL NAME
Personal name Thomas, E. L.,
Relator term author.
9 (RLIN) 6470080
700 1# - ADDED ENTRY--PERSONAL NAME
Personal name Bolinho, Dani,
Relator term artist.
9 (RLIN) 6470081
700 1# - ADDED ENTRY--PERSONAL NAME
Personal name Montgomery, R. A.
Title of a work Journey under the sea (Board book)
9 (RLIN) 6470082
830 #0 - SERIES ADDED ENTRY--UNIFORM TITLE
Uniform title Choose your own adventure (Oni Press)
9 (RLIN) 6470083
942 ## - ADDED ENTRY ELEMENTS (KOHA)
Source of classification or shelving scheme Dewey Decimal Classification
Koha item type BOOK
Holdings
Withdrawn status Lost status Source of classification or shelving scheme Damaged status Not for loan Collection code Home library Current library Shelving location Date acquired Source of acquisition Total Checkouts Total Renewals Full call number Barcode Date last seen Date checked out Cost, replacement price Price effective from Koha item type
    Dewey Decimal Classification     Junior Graphic Novels Wasatch County Library Wasatch County Library First Floor 07/10/2023 Rainbow Books 8 2 J GN Choose 34301002033068 01/19/2026 12/26/2025 24.95 07/10/2023 BOOK
This project was made possible through a grant from the Institute of Museum and Library Service administered by the Utah State Library Division.

Wasatch County Library

  • 465 East 1200 South, Heber City, Utah 84032
  • Phone 435-654-1511 | Fax 435-654-6456

Hours

  • Monday - Friday 9:30 AM - 8:00 PM
  • Saturday 9:30 AM - 1:30 PM
  • Closed Sundays and Holidays